00255nam a2200109Ia 4500008004100000041001200041082001100053100002000064245004900084260000600133650000600139221030s9999 xx 000 0 und d aEnglish a105.23 aP. G. Wodehouse 4aThe Clicking of Culhbertcby P. G. Wodehouse c0 aB